ماہنا مہ بورہان کی تاریچی اشاعت / (Record no. 173373)

MARC details
000 -LEADER
fixed length control field 00618nam a22001817a 4500
005 - DATE AND TIME OF LATEST TRANSACTION
control field 20200222144212.0
010 ## - LCCN (DPL NO)
LC control number A-338643
020 ## - INTERNATIONAL STANDARD BOOK NUMBER
Terms of availability 50.00
035 ## - SYSTEM CONTROL NUMBER
System control number A-338643
037 ## - SOURCE OF ACQUISITION
Source of stock number/acquisition Cen Lib/Ret
082 ## - DEWEY DECIMAL CLASSIFICATION NUMBER
Classification number 921
100 ## - MAIN ENTRY--PERSONAL NAME
Personal name عتیق الرحمان عوثمانی
245 ## - TITLE STATEMENT
Title ماہنا مہ بورہان کی تاریچی اشاعت /
Statement of responsibility, etc عتیق الرحمان عوثمانی
246 ## - VARYING FORM OF TITLE
Title proper/short title Mahna Ma Burhan ki Tarikhi Ashaat /
Remainder of title by Ateeq-ur-Rehman Usmani ; edited by Jameel Muhri
260 ## - PUBLICATION, DISTRIBUTION, ETC. (IMPRINT)
Place of publication, distribution, etc Delhi
Name of publisher, distributor, etc Urdu Academy
Date of publication, distribution, etc 1987 ء
300 ## - PHYSICAL DESCRIPTION
Extent 559p.
Dimensions 24cm(Hb)
942 ## - ADDED ENTRY ELEMENTS (KOHA)
Source of classification or shelving scheme Dewey Decimal Classification
Item type Urdu Bks
Classification part 921
Call number suffix ع ت ی
Holdings
Withdrawn status Lost status Not for loan Collection code Home library Current library Date acquired Source of acquisition Cost, normal purchase price Full call number Barcode Copy number Cost, replacement price Koha item type
      Non-fiction Central Library Central Library 22/02/2020 BPPD/Ven. 50.00 921 ع ت ی A-338643 1 50.00 Urdu Bks

© Delhi Public Library
Hit Counter
free hit counter